000 00560nam a2200205Ia 4500
003 OSt
005 20220926044840.0
006 a|||||r|||| 00| 0
007 ta
008 220923b |||||||| |||| 00| 0 eng d
037 _cGeneral Book
040 _aRTL
_cRTL
_beng
041 _2eng
_aeng
082 _aEm2, N57 - N56, J9
245 0 _aSample surveys of current Interest in India. 18th annual report. 1956-57
260 _c1956
300 _avi; 139p.
_ccm.
942 _hEm2, N57 - N56, J9
_cGB
_2CC
999 _c675952
_d675952